000 00846nam a2200217 i 4500
001 74394
003 ES-MaACL
005 20240222171229.0
007 t|
008 040917s1947 sp ||||1| spa d
100 1 _aOlmedo, Félix G.
_958847
245 1 3 _aEl Amadís y el Quijote
_b: soneto famoso de Cervantes al túmulo de Felipe II : El Persiles /
_cpor Félix G. Olmedo.
260 _a[Madrid] :
_bEditora Nacional,
_c1947 (
_fGráf. Valera)
300 _a214 p. ;
_c25 cm.
600 1 4 _aCervantes Saavedra, Miguel de,
_d1547-1616.
_tDon Quijote de la Mancha
_937612
600 1 7 _aCervantes Saavedra, Miguel de,
_d1547-1616.
_tLos trabajos de Persiles y Sigismunda
_2
_9157465
600 0 4 _aFelipe
_bII
_cRey de España-
_xExequias.
_9162085
630 0 4 _aAmadís de Gaula.
_9140846
852 _aES-MaACL
_jC-4320
999 _c74394
_d74394